The power of positive anecdotes / (Record no. 37403)

MARC details
000 -LEADER
fixed length control field 00694nam a22001937a 4500
005 - DATE AND TIME OF LATEST TRANSACTION
control field 2010072305545.0
010 ## - LCCN (DPL NO)
LC control number ENG-96729
020 ## - INTERNATIONAL STANDARD BOOK NUMBER
International Standard Book Number 9788120747692
Terms of availability 150.00
035 ## - SYSTEM CONTROL NUMBER
System control number EN-80262
037 ## - SOURCE OF ACQUISITION
Source of stock number/acquisition DBAD/PUB
082 ## - DEWEY DECIMAL CLASSIFICATION NUMBER
Classification number 158.1
100 ## - MAIN ENTRY--PERSONAL NAME
Personal name Mittal, Rakesh k.
245 ## - TITLE STATEMENT
Title The power of positive anecdotes /
Statement of responsibility, etc by Rakesh K. Mittal
260 ## - PUBLICATION, DISTRIBUTION, ETC. (IMPRINT)
Place of publication, distribution, etc New Delhi
Name of publisher, distributor, etc Sterling Publishers
Date of publication, distribution, etc 2009
270 ## - ADDRESS
Address A-59, Okhla Industrial Area, Phase-ii
City New Delhi
Postal code 110020
300 ## - PHYSICAL DESCRIPTION
Extent ix, 186p
Dimensions 22cm (pbk)
942 ## - ADDED ENTRY ELEMENTS (KOHA)
Source of classification or shelving scheme Dewey Decimal Classification
Item type English Books
Classification part 158.1
Call number suffix MIT
Holdings
Withdrawn status Lost status Not for loan Collection code Home library Current library Date acquired Source of acquisition Cost, normal purchase price Full call number Barcode Copy number Cost, replacement price Koha item type
    Not For Loan Non-fiction D.B.Act.Division D.B.Act.Division 23/07/2010 DBAD/PUB 150.00 158.1 MIT EN-80262 1 150.00 English Books

© Delhi Public Library
Hit Counter
free hit counter